| 000 | nam a22 7a 4500 | ||
|---|---|---|---|
| 999 |
_c27801 _d27801 |
||
| 008 | 170210b xxu||||| |||| 00| 0 eng d | ||
| 020 | _a9780538453714 | ||
| 050 | _aHB 172 .M34 2012 | ||
| 100 | _aMcEachern, William A. | ||
| 245 |
_aMicroeconomics: _bA Contemporary Introduction/ _cWilliam A. McEachern |
||
| 250 | _a9th ed. | ||
| 260 |
_aAustralia: _bSouth- Western, _c2012. |
||
| 300 |
_axxiii,502p.: _bill.; _c27cm. |
||
| 521 | _aIncludes index. | ||
| 650 | _aMicroeconomics. | ||
| 942 |
_2lcc _cBOOKS _hHB 172 .M34 2012 |
||